| 000 | 00482nam a22001937a 4500 | ||
|---|---|---|---|
| 003 | CEME | ||
| 005 | 20210628202227.0 | ||
| 008 | 210226b xxu||||| |||| 00| 0 eng d | ||
| 020 | _a0-13-228024-8 | ||
| 040 | _c. | ||
| 082 | _a629.83 KHA | ||
| 100 |
_aKhalil, Hassan.K _958867 |
||
| 245 | _aNonlinear systems | ||
| 250 | _a2ND | ||
| 260 |
_aNEW JERSEY _bPRENTICE HALL _c1996 |
||
| 300 | _aXII,734P | ||
| 650 |
_aNONLINEAR THEORIES.NONLINEAR SYSTEMS _958868 |
||
| 942 |
_cBK _2ddc |
||
| 999 |
_c568960 _d568960 |
||